000 00663nam a2200229Ia 4500
003 OSt
005 20220923213458.0
006 a|||||r|||| 00| 0
007 ta
008 220922b |||||||| |||| 00| 0 hin d
024 _a162,292
037 _cTextual
040 _aARTS
_cARTS
_bhin
041 _2hin
_ahin
082 _aO152:2N12x, K3
100 _aविष्णु प्रभाकर
_9156271
245 0 _aये रेखायें ये दायरे
246 _aYe rekhāyean ye dāyare
260 _c1963
942 _hO152:2N12x, K3
_cTEXL
_2CC
999 _c316793
_d316793